You can hear me now : how microloans and cell phones are connecting the world’s poor to the global economy

You Can Hear Me Now is a powerful proof of the roles that the private sector can play in economic development. Sullivan, by picking one industry—wireless—and cleverly weaving the economics and the growth of the industry with the human dimension, provides a distinctively new perspective on what is po...

Disgrifiad llawn

Wedi'i Gadw mewn:
Manylion Llyfryddiaeth
Prif Awdur: Sullivan, Nicholas P.
Fformat: Llyfr
Iaith:Undetermined
Cyhoeddwyd: San Francisco Jossey-Bass 2007
Pynciau:
Tagiau: Ychwanegu Tag
Dim Tagiau, Byddwch y cyntaf i dagio'r cofnod hwn!
Thư viện lưu trữ: Trung tâm Học liệu Trường Đại học Cần Thơ
LEADER 01292nam a2200229Ia 4500
001 CTU_163341
008 210402s9999 xx 000 0 und d
020 |c 29.95 
082 |a 384.5 
082 |b S951 
100 |a Sullivan, Nicholas P. 
245 0 |a You can hear me now : 
245 0 |b how microloans and cell phones are connecting the world’s poor to the global economy 
245 0 |c Nicholas P. Sullivan 
260 |a San Francisco 
260 |b Jossey-Bass 
260 |c 2007 
520 |a You Can Hear Me Now is a powerful proof of the roles that the private sector can play in economic development. Sullivan, by picking one industry—wireless—and cleverly weaving the economics and the growth of the industry with the human dimension, provides a distinctively new perspective on what is possible. A must-read for all those who are concerned about eradicating poverty. Equally, a must-read for managers who are looking for new engines of growth 
650 |a Cell phone services industry,Information technology,Telecommunication,Ngành công nghiệp dịch vụ điện thoại di động 
650 |z Developing countries,Developing countries,nước đang phát triển 
910 |a Nguyên 
980 |a Trung tâm Học liệu Trường Đại học Cần Thơ